000 00664nam a22002057a 4500
005 20250213115356.0
010 _aENG-143792
020 _c260.00
_a9788198126122
035 _aEN-127324
037 _bDBAD
082 _a230.35
100 _aGhooi, Charanjit
_977545
245 _aHuman Values and Health/
_cby Charanjit Ghooi
250 _a1
260 _aA.P
_bSri Sathya sai Sadhana Trust
_c2024
270 _bA.P
_aPrasanthi Nilayam, Puttaparthi
_e515134
_k011-287375
_l287236
300 _a356p.
_c22cm(pb)
_bCol. ill.
500 _aChurned out of the Divine Discourses of Bhagawan Sri Sathya Sai Baba
942 _2ddc
_cEN
_h230.35
_mGHO
999 _c209026
_d209026